Białe flagi - nagła śmierć - Statystyki

Ogólne statystyki
  • Ten quiz został rozwiązany 4 885 razy
  • Średni wynik to 14 z 20
Answers on the Grid
Answers color-coded by a green-red scale on the quiz's grid according to % correct below.
Argentyna
Armenia
Australia
Albania
Bahamy
Bangladesz
Chile
Chorwacja
Estonia
Finlandia
Francja
Gabon
Holandia
Honduras
Iran
Jamajka
Japonia
Kirgistan
Kolumbia
Lesotho
Liechtenstein
Macedonia Północna
Malawi
Maroko
Mauritius
Meksyk
Mołdawia
Niemcy
Nigeria
Polska
Rosja
Rwanda
San Marino
Senegal
Somalia
Stany Zjednoczone
Szwajcaria
Szwecja
Ukraina
Wietnam
 
Statystyki odpowiedzi
Odpowiedź % Poprawnych
Argentyna
95%
Finlandia
80%
Francja
80%
Japonia
80%
Chorwacja
79%
Australia
79%
Estonia
78%
Chile
75%
Holandia
74%
Polska
71%
Rosja
69%
Stany Zjednoczone
67%
San Marino
65%
Szwajcaria
65%
Iran
64%
Meksyk
59%
Honduras
57%
Nigeria
53%
Somalia
46%
Lesotho
43%
Nie znaleziono quizów pasujących do podanych kryteriów
Rozkład punktacji
Procent ludzi z każdym wynikiem
Percentyl według liczby udzielonych odpowiedzi
Twoja historia wyników
Nie rozwiązałeś tego quizu